01303nam a2200337Ia 4500001001200000003000800012006001900020007001500039008004100054010001700095020002200112040002100134035002100155050002300176082001200199245011200211260004000323300002300363490007200386504005300458533015200511650001500663650002500678650002300703655002900726700003000755700001800785710001700803856012600820999001900946ebr10173625CaPaEBRm u cr cn|||||||||040419s2005 maua sb 001 0 eng d z 2004049896 z0262582511 (pbk.) aCaPaEBRcCaPaEBR a(OCoLC)56800061014aBF357b.I65 2005eb04a30222200aImitation, human development, and cultureh[electronic resource] /cedited by Susan Hurley and Nick Chater. aCambridge, MA :bMIT Press,cc2005. axi, 547 p. :bill.0 aPerspectives on imitation: from neuroscience to social science ;v2 aIncludes bibliographical references and indexes. aElectronic reproduction.bPalo Alto, Calif. :cebrary,d2009.nAvailable via World Wide Web.nAccess may be limited to ebrary affiliated libraries. 0aImitation. 0aLearning in animals. 0aSocial psychology. 7aElectronic books.2local1 aHurley, S. L.q(Susan L.)1 aChater, Nick.2 aebrary, Inc.40uhttp://site.ebrary.com/lib/rucke/Doc?id=10173625zAn electronic book accessible through the World Wide Web; click to view c137647d137647